Statistics for 10 largest world religions - speed round

Click here to take the quiz!

General Stats

  • This quiz has been taken 41 times
  • The average score is 6 of 10

Answer Stats

FollowersHoly TextHoly PlaceAnswer% Correct
1.9 billionThe Qu'ranMeccaIslam
97%
2.38 billionThe BibleJerusalemChristianity
94%
14 millionThe TorahJerusalemJudaism
83%
1.16 billionThe ShastrasVaranasiHinduism
80%
506 millionThe SutrasLumbiniBuddhism
74%
12 millionThe Tao-te ChingN/ATaoism
46%
104 millionKojikiN/AShinto
43%
25 millionThe Guru Granth SahibAmritsarSikhism
43%
6 millionThe LunyuQufuConfucianism
11%
4.4 millionThe Threefold ScriptureTay NinhCaodaism
3%

Score Distribution

Percentile by Number Answered

Percent of People with Each Score

Your Score History

You have not taken this quiz